| 000 | 00711nam a22002177a 4500 | ||
|---|---|---|---|
| 003 | OSt | ||
| 005 | 20250805033257.0 | ||
| 008 | 250726b |||||||| |||| 00| 0 eng d | ||
| 020 | _a978219665131 | ||
| 040 |
_aDWC-Main Lib _cOC |
||
| 082 | _aFil. 306.099 R287 2024 | ||
| 100 | _aGeneral, Ruben M. | ||
| 245 |
_aReadings on bikol culture/ _cRuben M. General [and three others] |
||
| 250 | _a2nd edition | ||
| 260 |
_aNaga City : _bUniversity of Nueva Caceres, _cc2024. |
||
| 300 |
_axiii, 216 pages : _billustrations ; _c28cm. |
||
| 650 | _a1. Bicol Language | ||
| 650 | _a2. Bicol literature | ||
| 650 | _a3. Bikol Region (Philippine)- Social and Customs | ||
| 942 |
_2ddc _cBK - FIL _e2nd edition _kFil. _n0 |
||
| 999 |
_c3828 _d3828 |
||